000
00286nam a22001337a 4500
008
180127b xxu||||| |||| 00| 0 eng d
020
_a
9780201613216
041
_a
eng
080
_a
510
100
_a
36
101
_a
MAT
245
_a
Mathematic Activities
_c
Dolan
942
_2
udc
_c
BK
999
_c
41080
_d
41080